000
00355nam a2200133Ia 4500
008
151001s9999||||xx |||||||||||||| ||und||
100
_a
मदनलाल शर्मा
245
_a
लमहोने खता कि
250
_a
1
260
_b
किरण प्रकाशन
260
_c
2007
300
_a
168
365
_b
21
999
_c
995250
_d
995247